Normal view
MARC view
- VIBRATIONS.WAVE MECHANICS.OSCILLATION
Entry Topical Term
001 - CONTROL NUMBER
- control field: 75054
003 - CONTROL NUMBER IDENTIFIER
- control field: NUST
005 - DATE AND TIME OF LATEST TRANSACTION
- control field: 20210628205337.0
008 - FIXED-LENGTH DATA ELEMENTS
- fixed length control field: 210628|| aca||aabn | a|a d
040 ## - CATALOGING SOURCE
- Original cataloging agency: NUST
- Transcribing agency: NUST
150 ## - HEADING--TOPICAL TERM
- Topical term or geographic name entry element: VIBRATIONS.WAVE MECHANICS.OSCILLATION
670 ## - SOURCE DATA FOUND
- Source citation: Work cat.: (NUST): King, George C 75053, Vibrations and waves, 2009
